MARC

LEADER 00000nam0a2200000 4500
001 319338
005 20231102003154.0
035 |a (RuTPU)RU\TPU\book\344847 
090 |a 319338 
100 |a 20160527d1936 km y0rusy50 ca 
101 0 |a rus 
102 |a RU 
105 |a a z 001zy 
200 1 |a Механическая суффозия грунта  |f Н. М. Бочков  |g Всесоюзный научно-исследовательский институт водоснабжения, канализации, гидротехнических сооружений и инженерной гидрогеологии (ВНИИводгео) 
210 |a Москва  |a Ленинград  |c Главная редакция геолого-разведочной и геодезической лит-ры  |d 1936 
215 |a 47 с.  |c ил. 
320 |a Библиогр.: с. 45-46 
606 1 |a Грунты  |x Деформация  |2 stltpush  |3 (RuTPU)RU\TPU\subj\8789  |9 36129 
610 1 |a суффозия 
610 1 |a исследования 
610 1 |a грунтовые потоки 
610 1 |a режим 
610 1 |a структура 
610 1 |a границы 
610 1 |a геометрия 
610 1 |a законы 
610 1 |a твердые частицы 
675 |a 624.131.54  |v 4 
700 1 |a Бочков  |b Н. М. 
712 0 2 |a Всесоюзный научно-исследовательский институт водоснабжения, канализации, гидротехнических сооружений и инженерной гидрогеологии (ВНИИводгео)  |c (Москва)  |c (1934-1991)  |2 stltpush  |3 (RuTPU)RU\TPU\col\4603 
801 1 |a RU  |b 63413507  |c 20160527 
801 2 |a RU  |b 63413507  |c 20191202  |g RCR 
942 |c BK